| 000 | 00363nam a2200133Ia 4500 | ||
|---|---|---|---|
| 005 | 20251222143157.0 | ||
| 008 | 251222s9999||||xx |||||||||||||| ||spa|| | ||
| 020 | _a978-84-8966-085-4 | ||
| 082 | _a621.391/G64 | ||
| 100 | _aGómez Vilda, Pedro | ||
| 245 | 0 | _aFundamentos Físicos y Tecnológicos de la Informática | |
| 264 | _bPearson Educación | ||
| 942 | _cLIB | ||
| 999 |
_c12935 _d12935 |
||